Normal view
MARC view
Entry Geographic Name
001 - CONTROL NUMBER
- control field: 22514
003 - CONTROL NUMBER IDENTIFIER
- control field: ARRUPE
005 - DATE AND TIME OF LATEST TRANSACTION
- control field: 20160226150055.0
008 - FIXED-LENGTH DATA ELEMENTS
- fixed length control field: 160226|| aca||aabn | a|a d
040 ## - CATALOGING SOURCE
- Original cataloging agency: ARRUPE
- Transcribing agency: ARRUPE
151 ## - HEADING--GEOGRAPHIC NAME
- Geographic name: Africa
- General subdivision: Social conditions
670 ## - SOURCE DATA FOUND
- Source citation: Work cat.: (ARRUPE)0: Blyden, Edward Wilmot, 1832-1912. 22511, African life and customs /, 2014